00502nam a2200193 a 4500001001300000003000900013005001700022008004100039020001000080082001500090100001800105245003100123260003000154300000800184500003500192505004100227650002200268700001800290nice12345678IN_TiNIC20260116011402.0050524s1329 egya grp 000 0 ara  ac10000a297.7bMEE aMeenar, Press aJamaatul Dawat Wal Irshad. aEgyptbMeenar Pressc1329 a44p aincludes index and biblioraphy2 a12 Volumes in Bounded in Six Volumes aIslamic-Education1 aMeenar, Press